Đại số nâng cao 10

Sparad:
Bibliografiska uppgifter
Huvudupphovsman: Đoàn, Quỳnh
Övriga upphovsmän: Nguyễn, Huy Đoan
Materialtyp: Bok
Språk:Undetermined
Publicerad: H. Giáo dục Việt Nam 2010
Ämnen:
Länkar:http://lrc.tdmu.edu.vn/opac/search/detail.asp?aID=2&ID=6513
Taggar: Lägg till en tagg
Inga taggar, Lägg till första taggen!
Thư viện lưu trữ: Trung tâm Học liệu Trường Đại học Thủ Dầu Một
LEADER 00635nam a2200205Ia 4500
001 TDMU_6513
008 210410s9999 xx 000 0 und d
082 |a 512.071 
090 |b Đ406 
100 |a Đoàn, Quỳnh 
245 0 |a Đại số nâng cao 10 
245 0 |c Đoàn Quỳnh 
260 |a H. 
260 |b Giáo dục Việt Nam 
260 |c 2010 
300 |a 236tr. 
650 |a Sách lớp 10; Toán học; Đại số học 
700 |a Nguyễn, Huy Đoan 
856 |u http://lrc.tdmu.edu.vn/opac/search/detail.asp?aID=2&ID=6513 
980 |a Trung tâm Học liệu Trường Đại học Thủ Dầu Một